Význam Eurázijskej hospodárskej únie v medzinárodnom obchode bakalárska práca

Enregistré dans:
Détails bibliographiques
Auteur principal: Sysák, Igor
Collectivité auteur: Obchodná fakulta EU. Katedra medzinárodného obchodu
Autres auteurs: Drieniková, Kristína, 1982-
Format: Livre
Langue:slovaque
Publié: Bratislava 2022
Tags: Ajouter un tag
Pas de tags, Soyez le premier à ajouter un tag!

MARC

LEADER 00000nbm a2200000 4500
001 0285818
005 20221201133938.6
041 0 |a slo 
044 |a SK 
245 1 0 |a Význam Eurázijskej hospodárskej únie v medzinárodnom obchode  |b bakalárska práca  |c Igor Sysák ; školiteľ: Kristína Drieniková 
264 1 |a Bratislava  |c 2022 
300 |a 49 s. 
100 1 |a Sysák, Igor 
700 1 |a Drieniková, Kristína, 1982- 
710 2 |a Obchodná fakulta EU. Katedra medzinárodného obchodu